00658 2200253 4500001002100000005001500021035002000036007000300056008004100059020002200100082001000122084001600132100001800148245006100166250001000227260003300237300003000270650003200300504003000332990000900362990001100371990001100382990001100393INLIS00000000000132620190418105539 a0010-0118000144ta190418 g 0 ind  a978-602-6348-17-3 a635.4 a635.4 ALV i0 aALVI, Merlina1 aInvestasi Emas Hijau dari Budidaya Bayam /cAlvi Merlina acet.1 aDepok :bVillam Media,c2016 a108 hlm :b.ilus ;c21 cm 4aHORTIKULTURA. SAYURAN BAYAM aBibliografi.: hlm.106-107 a5952 a6713 a a6713 b a5952 a